Szent-Györgyi Albert emléktábláját avatták
Elmentve itt :
| Dokumentumtípus: | Cikk |
|---|---|
| Megjelent: |
2002-05-13
|
| Sorozat: | Délmagyarország
92 No. 110 |
| Kulcsszavak: | Emléktábla, Szent-Györgyi Albert |
| Online Access: | http://dmarchiv.bibl.u-szeged.hu/124542 |
| LEADER | 00440nab a2200145 i 4500 | ||
|---|---|---|---|
| 001 | delm124542 | ||
| 005 | 20191118105353.0 | ||
| 008 | 191118s2002 hu o 0|| hun d | ||
| 040 | |a SZTE Délmagyarország Archívum |b hun | ||
| 041 | |a hun | ||
| 245 | 0 | 0 | |a Szent-Györgyi Albert emléktábláját avatták |h [elektronikus dokumentum] |
| 260 | |c 2002-05-13 | ||
| 300 | |a 4 | ||
| 490 | 0 | |a Délmagyarország |v 92 No. 110 | |
| 695 | |a Emléktábla, Szent-Györgyi Albert | ||